000 00327nam a2200109Ia 4500
008 230907s9999||||xx |||||||||||||| ||und||
082 _a621.312132
_bGEL
100 _aGellings, Clark
_9118047
245 _aSaving energy and reducing co2 emissions with electricity /
_cClark Gellings.
260 _c2019-09-27
942 _2ddc
_cEB
999 _c599667
_d599667